000 00733nam a2200265Ia 4500
005 20260302114412.0
008 008 260114s9999 xx 000 0 eng d
020 _a9781350043558
037 _aTextbook
040 _aCRL
040 _beng
040 _cCRL
041 _2eng
041 _aeng
084 _qCRL
100 _aMarco Sgarbi and Matteo Cosci
_91118667
245 4 _aThe Aftermath of Syllogism Aristotelian Logical Argument from Avicenna to Hegel
260 _bBloomsbury
260 _bBloomsbury Academic
260 _c2018
650 _aPhilosophy
856 _uhttps://dx.doi.org/10.5040/9781350043558?locatt=label:secondary_bloomsburyCollections
942 _cEBOOK
999 _c1682417
_d1682417